[Event "SUI-chT"]
[Site "Switzerland"]
[Date "1993.??.??"]
[Round "?"]
[White "Kelecevic, Nedeljko"]
[Black "Valdivia, Manuel"]
[Result "1-0"]
[WhiteElo "2440"]
[BlackElo "2265"]
[PlyCount "63"]
[EventDate "1993.??.??"]
[EventType "team-tourn"]
[EventRounds "9"]
[EventCountry "SUI"]
[SourceTitle "TD"]
[Source "ChessBase"]
[SourceDate "1994.03.01"]
[SourceVersion "1"]
[SourceVersionDate "1994.03.01"]
[SourceQuality "1"]

1. d4 Nf6 2. c4 e6 3. Nc3 Bb4 4. Bd2 c5 5. dxc5 0-0 6. Nf3 Bxc5 7. Qc2 Nc6 8. Bg5 Be7 9. Rd1 a6 10. e3 Qa5 11. Be2 b5 12. cxb5 axb5 13. Bxb5 Nb4 14. Qb3 Nxa2 15. Ra1 Bb4 16. 0-0 Bxc3 17. bxc3 Ba6 18. Bxa6 Qxa6 19. Bxf6 gxf6 20. h4 Rfb8 21. Qd1 Qa4 22. Qd6 Rc8 23. Qe7 Kg7 24. Rfd1 Qa3 25. Qxd7 Qxc3 26. Nd4 Qc4 27. Qb7 Rab8 28. Qf3 Nc3 29. Rdc1 Qd5 30. Qg3+ Kh8 31. Rxc3 Rg8 32. Qf3 1-0

[Event "SUI-chT"]
[Site "Switzerland"]
[Date "1993.??.??"]
[Round "?"]
[White "Valdivia, Manuel"]
[Black "Vogt, Lothar"]
[Result "0-1"]
[WhiteElo "2265"]
[BlackElo "2520"]
[PlyCount "66"]
[EventDate "1993.??.??"]
[EventType "team-tourn"]
[EventRounds "9"]
[EventCountry "SUI"]
[SourceTitle "TD"]
[Source "ChessBase"]
[SourceDate "1994.03.01"]
[SourceVersion "1"]
[SourceVersionDate "1994.03.01"]
[SourceQuality "1"]

1. d4 Nf6 2. Nf3 g6 3. Bg5 Bg7 4. Nbd2 d5 5. e3 0-0 6. Bd3 b6 7. 0-0 Bb7 8. b4 Nbd7 9. b5 Ne4 10. Bh4 Qe8 11. c4 e5 12. Re1 Nd6 13. e4 dxc4 14. Nxc4 Nxb5 15. Ncxe5 Nxd4 16. Nxd7 Qxd7 17. Rc1 c5 18. Nxd4 Qxd4 19. Qe2 Rfe8 20. Rcd1 Qb4 21. Qc2 Bc6 22. f4 Ba4 23. Qe2 Bxd1 24. Rxd1 Qb2 25. Qf1 Qd4+ 26. Bf2 Qf6 27. Bg3 Rad8 28. e5 Qe6 29. Re1 Qg4 30. Bb1 h5 31. f5 Bxe5 32. fxg6 fxg6 33. Bxe5 Rxe5 0-1

[Event "Fuerteventura op"]
[Site "Fuerteventura"]
[Date "1992.??.??"]
[Round "?"]
[White "Carvajal Gamoneda, Ana Luisa"]
[Black "Valdivia, Manuel"]
[Result "0-1"]
[WhiteElo "2100"]
[BlackElo "2285"]
[PlyCount "90"]
[EventDate "1992.??.??"]
[EventType "swiss"]
[EventRounds "11"]
[EventCountry "CUB"]
[SourceTitle "EXT 2003"]
[Source "ChessBase"]
[SourceDate "2002.11.25"]
[SourceVersion "1"]
[SourceVersionDate "2002.11.25"]
[SourceQuality "1"]

1. e4 c5 2. Nf3 d6 3. d4 cxd4 4. Nxd4 Nf6 5. Nc3 g6 6. Bc4 Bg7 7. Be3 0-0 8. f3 Nc6 9. Qd2 Bd7 10. 0-0 Na5 11. Be2 Rc8 12. Nd5 Nc4 13. Bxc4 Rxc4 14. b3 Rc8 15. c4 e6 16. Nxf6+ Bxf6 17. Rad1 d5 18. exd5 exd5 19. cxd5 Re8 20. f4 Bg4 21. Nf3 Bf5 22. Rc1 Qd6 23. Bxa7 b6 24. Qf2 Rxc1 25. Rxc1 Qa3 26. Rc6 Bb2 27. Rxb6 Qxa2 28. h3 Qa1+ 29. Kh2 Be4 30. Rb8 Rxb8 31. Bxb8 Bxd5 32. b4 h6 33. Bd6 Bxf3 34. Qxf3 Bd4 35. Qe2 Bg1+ 36. Kg3 Qc3+ 37. Kh4 Qf6+ 38. Kg3 Qxd6 39. b5 g5 40. Qe8+ Kg7 41. Qe5+ Qxe5 42. fxe5 Bd4 43. Kg4 Kg6 44. h4 Bxe5 45. b6 f5+ 0-1